Gelächter an den Pyramiden : unterwegs in Ägypten /

Saved in:

Main Author: Dierenberg, Dietmar (Author)

Other Authors: Moll, Jochen.

Format: Book

Language: German

Published: Halle : Mitteldeutscher Verlag, 1977.

Edition: 4. Aufl.

Series: Kürbiskern.

Subjects:

Tags: Add Tag

No Tags, Be the first to tag this record!

Call Number: DT56 .D53 1977

LEADER 00725namaa2200241 4500
001 11092
003 OSt
005 20250518070740.0
008 130303s1977 gw a 000 0 ger d
040 |c ARCE Library 
043 |a f-ua--- 
050 4 |a DT56 .D53 1977 
100 1 |a Dierenberg, Dietmar,  |e author  |9 29023 
245 1 0 |a Gelächter an den Pyramiden :   |b unterwegs in Ägypten /   |c Dietmar Dierenberg, Jochen Moll. 
250 |a 4. Aufl. 
264 1 |a Halle :   |b Mitteldeutscher Verlag,   |c 1977. 
300 |a 202 pages :  |b illustrations (some color) ;  |c 23 cm. 
490 0 |a Kürbiskern. 
651 0 |a Egypt  |x Description and travel. 
700 1 |a Moll, Jochen.  |9 36112 
901 |a reviewed 
942 |c BK  |2 lcc 
999 |c 12578  |d 12578